000 00323nam a22001337a 4500
020 _a978-81-7700-230-0
082 _a004
_bARO/C
100 _aARORA, SUMITA
245 _aCOMPUTER SCIENCE WITH PYTHON
260 _aNEW DELHI
_bDHANPAT RAI & CO
_c2019
300 _a528
520 _aCOMPUTER SCIENCE WITH PYTHON
942 _cBK
999 _c7801
_d7801